[Event "Mecklenburg VP LL2 Ost 0910"]
[Site "Mecklenburg VP"]
[Date "2010.03.28"]
[Round "6.2"]
[White "Manke, Karsten"]
[Black "Windjaeger, Gerd"]
[Result "0-1"]
[WhiteElo "1759"]
[BlackElo "1777"]
[PlyCount "84"]
[EventDate "2009.10.18"]
[EventType "team-tourn"]
[EventRounds "9"]
[EventCountry "GER"]
[SourceTitle "EXT 2016"]
[Source "ChessBase"]
[SourceDate "2015.10.08"]
[SourceVersion "1"]
[SourceVersionDate "2015.10.08"]
[SourceQuality "1"]
[WhiteTeam "Stralsund FHSG II"]
[BlackTeam "Wolgast Motor"]
[WhiteTeamCountry "GER"]
[BlackTeamCountry "GER"]

1. e4 c6 2. d4 d5 3. Nc3 dxe4 4. f3 exf3 5. Nxf3 Bf5 6. Bc4 e6 7. 0-0 Bd6 8. Qe2 Nf6 9. Bg5 0-0 10. Kh1 b5 11. Bb3 Nbd7 12. Rae1 Qc7 13. Ne5 b4 14. Nd1 Ne4 15. Rxf5 exf5 16. Qh5 Nxg5 17. Qxg5 Nxe5 18. dxe5 Bxe5 19. Qxf5 Rae8 20. c3 Bf6 21. Rf1 Qe5 22. Qd7 Qe2 23. Rg1 bxc3 24. Nxc3 Bxc3 25. bxc3 Qf2 26. h3 Re1 27. Rxe1 Qxe1+ 28. Kh2 Qe5+ 29. Kh1 Qxc3 30. Qxa7 Qc1+ 31. Kh2 Qf4+ 32. Kg1 Re8 33. Qa5 Qg3 34. Kf1 Qd3+ 35. Kg1 Qe2 36. Qa3 h5 37. Qa4 Qe1+ 38. Kh2 h4 39. Bc4 Qg3+ 40. Kg1 Re1+ 41. Bf1 Qe3+ 42. Kh2 Rxf1 0-1